random trivia questions#4 - Statistics

General Stats
  • This quiz has been taken 54 times
  • The average score is 4 of 15
Answer Stats
Hint Answer % Correct
What’s the only mammal that can truly fly? bat
66%
What’s the only bird that can fly backward? humming bird
66%
What is the only country without mosquitoes? Iceland
63%
Which country has more vending machines than people? Japan
49%
What U.S. city has more Mexican restaurants than Mexico City? Los Angeles
44%
What vegetable grows fastest? bamboo
20%
What insect can live for weeks without its head? cockroach
20%
What fruit was used as a grenade alternative in WWII when supplies ran short? coconut
20%
: What animal has cube-shaped poop? wombat
20%
What vegetable was once believed to cure the plague? onion
15%
What animal can taste with its feet? butterfly
12%
Which animal’s poop is used to make expensive coffee? civet
7%
What animal never sleeps? bullfrog
0%
What sea creature can survive being cut in half and regrow? flatworm
0%
What animal can regrow its heart? zebra fish
0%
No matching quizzes found
Score Distribution
Percent of People with Each Score
Percentile by Number Answered
Your Score History
You have not taken this quiz